Подробности
| 000 -МАРКЕР |
| контрольное поле |
02624nam0a2200397 4500 |
| 001 - ИДЕНТИФИКАТОР ЗАПИСИ |
| контрольное поле |
RU\NLR\bibl\1748713 |
| 005 - ИДЕНТИФИКАТОР ВЕРСИИ |
| контрольное поле |
20260408021114.0 |
| 010 ## - МЕЖДУНАРОДНЫЙ СТАНДАРТНЫЙ НОМЕР КНИГИ (ISBN) |
| Номер (ISBN) |
978-5-903615-14-8 |
| Тираж |
500 |
| 021 ## - НОМЕР ГОСУДАРСТВЕННОЙ РЕГИСТРАЦИИ |
| Код страны |
Российская Федерация |
| Номер |
2011-15416 |
| Номер Листа государственной регистраци |
1092 |
| 035 ## - ДРУГИЕ СИСТЕМНЫЕ НОМЕРА |
| Идентификатор записи |
(NLR Aleph) 001739586 |
| 100 ## - ДАННЫЕ ОБЩЕЙ ОБРАБОТКИ |
| Данные общей обработки |
20110321d2010 |||y0rusy50 ca |
| 101 0# - ЯЗЫК РЕСУРСА |
| Язык текста, звукозаписи и т.д. |
русский |
| 102 ## - СТРАНА ПУБЛИКАЦИИ ИЛИ ПРОИЗВОДСТВА |
| Страна публикации |
Российская Федерация |
| 105 ## - ПОЛЕ КОДИРОВАННЫХ ДАННЫХ: ТЕКСТОВЫЕ МАТЕРИАЛЫ, МОНОГРАФИЧЕСКИЕ |
| Кодированные данные о монографическом текстовом документе |
a ||||||||| |
| 200 1# - ЗАГЛАВИЕ И СВЕДЕНИЯ ОБ ОТВЕТСТВЕННОСТИ |
| Основное заглавие |
Троице-Сергиева лавра в истории, культуре и духовной жизни России |
| Сведения, относящиеся к заглавию |
материалы VI международной конференции, 29-31 октября 2008 г., тезисы докладов VII международной конференции, 23-25 сентября 2010 года |
| Первые сведения об ответственности |
[сост.: Т.Н. Манушина, С.В. Николаева |
| Последующие сведения об ответственности |
редкол.: ...С.В. Николаева и др.] |
| 210 ## - ПУБЛИКАЦИЯ, РАСПРОСТРАНЕНИЕ И ДР. |
| Место издания, распространения и т.д. |
Сергиев Посад |
| Имя издателя, распространителя и т. д. |
Ремарко |
| Дата издания, распространения и т.д. |
2010 |
| 215 ## - ФИЗИЧЕСКАЯ ХАРАКТЕРИСТИКА |
| Специфическое обозначение материала и объем |
488 с. |
| Другие сведения о физической характеристике |
ил. |
| Размеры |
21 |
| 300 ## - ОБЩИЕ ПРИМЕЧАНИЯ |
| Текст примечания |
В надзаг.: М-во культуры Моск. обл., Сергиево-Пасад. гос. ист.-худож. музей-заповедник |
| 320 ## - ПРИМЕЧАНИЯ О НАЛИЧИИ В ДОКУМЕНТЕ БИБЛИОГРАФИИ / УКАЗАТЕЛЯ |
| Текст примечания |
Библиогр. в примеч. в конце ст. |
| 601 02 - НАИМЕНОВАНИЕ ОРГАНИЗАЦИИ КАК ПРЕДМЕТ |
| Начальный элемент ввода |
Троице-Сергиева лавра |
| Формальный подзаголовок |
Съезды, совещания и т.п. |
| Системный номер авторитетной/нормативной записи |
1237214 |
| Идентификатор авторитетной/нормативной записи |
RU\NLR\auth\66505104 |
| 686 ## - ИНДЕКСЫ ДРУГИХ КЛАССИФИКАЦИЙ |
| Индекс |
Э372.24-647.2я431 |
| 702 #1 - ИМЯ ЛИЦА - ВТОРИЧНАЯ ОТВЕТСТВЕННОСТЬ |
| Начальный элемент ввода |
Манушина |
| Часть имени, кроме начального элемента ввода |
Т. Н. |
| Расширение инициалов личного имени |
Татьяна Николаевна |
| Код отношения |
Составитель |
| 702 #1 - ИМЯ ЛИЦА - ВТОРИЧНАЯ ОТВЕТСТВЕННОСТЬ |
| Код отношения |
Редактор |
| Материалы, к которым относится поле |
rus |
| Графика поля |
Кириллица |
| Начальный элемент ввода |
Николаева |
| Часть имени, кроме начального элемента ввода |
С. В. |
| Дополнения к именам, кроме дат |
канд. ист. наук |
| Расширение инициалов личного имени |
Светлана Викторовна |
| Идентификатор авторитетной/нормативной записи |
RU\NLR\auth\7780103 |
| Системный номер авторитетной/нормативной записи |
63031 |
| 711 12 - НАИМЕНОВАНИЕ ОРГАНИЗАЦИИ - АЛЬТЕРНАТИВНАЯ ОТВЕТСТВЕННОСТЬ |
| Начальный элемент ввода |
"Троице-Сергиева лавра в истории, культуре и духовной жизни России", международная конференция |
| Порядковый номер временной организации и / или порядковый номер ее части |
6 |
| Дата проведения временной организации |
2008 |
| Место проведения временной организации |
Сергиев Посад |
| Идентификатор авторитетной/нормативной записи |
RU\NLR\AUTH\8810180856 |
| Системный номер авторитетной/нормативной записи |
858156 |
| 711 12 - НАИМЕНОВАНИЕ ОРГАНИЗАЦИИ - АЛЬТЕРНАТИВНАЯ ОТВЕТСТВЕННОСТЬ |
| Начальный элемент ввода |
"Троице-Сергиева лавра в истории, культуре и духовной жизни России", международная конференция |
| Порядковый номер временной организации и / или порядковый номер ее части |
7 |
| Дата проведения временной организации |
2010 |
| Место проведения временной организации |
Сергиев Посад |
| Идентификатор авторитетной/нормативной записи |
RU\NLR\AUTH\8810180857 |
| Системный номер авторитетной/нормативной записи |
858158 |
| 712 02 - НАИМЕНОВАНИЕ ОРГАНИЗАЦИИ - ВТОРИЧНАЯ ОТВЕТСТВЕННОСТЬ |
| Код отношения |
Прочие |
| Начальный элемент ввода |
Сергиево-Посадский государственный историко-художественный музей-заповедник |
| Идентификатор авторитетной/нормативной записи |
RU\NLR\AUTH\8815647 |
| Системный номер авторитетной/нормативной записи |
304450 |
| 801 #0 - ИСТОЧНИК ЗАПИСИ |
| Страна |
Российская Федерация |
| Организация |
NLR |
| Дата составления |
20110321 |
| Правила каталогизации |
RCR |
| 801 #1 - ИСТОЧНИК ЗАПИСИ |
| Страна |
Российская Федерация |
| Организация |
NLR |
| Дата составления |
20110321 |
| 830 ## - ОБЩЕЕ ПРИМЕЧАНИЕ, СОСТАВЛЕННОЕ КАТАЛОГИЗАТОРОМ |
| Текст примечания |
сост. по базе |
| 942 ## - ДОПОЛНИТЕЛЬНЫЕ ЭЛЕМЕНТЫ ЗАПИСИ (АБИС) |
| Тип экземпляра АБИС |
Книга |
| 980 ## - КОЛЛЕКЦИЯ |
| Название коллекции |
Национальная библиография |
| 980 ## - КОЛЛЕКЦИЯ |
| Название коллекции |
НБР |